Curso teórico-práctico de latinidad
Guardat en:
| Autor principal: | |
|---|---|
| Format: | Llibre |
| Idioma: | espanyol llatí |
| Publicat: |
Santiago
Imprenta de Chile
1932
|
| Edició: | 5a. ed |
| Matèries: | |
| Etiquetes: |
Afegir etiqueta
Sense etiquetes, Sigues el primer a etiquetar aquest registre!
|
MARC
| LEADER | 00000cam a2200000 a 4500 | ||
|---|---|---|---|
| 001 | UCE6386 | ||
| 003 | CL-VaPUC | ||
| 008 | 150409e19320000cl |||||||||||||||||spa|d | ||
| 041 | 0 | 7 | |a spa |2 CL-VaPUC |
| 041 | 0 | 7 | |a lat |2 CL-VaPUC |
| 082 | 0 | 4 | |a 175 |b SIL |2 21 |
| 100 | 0 | |a Silva Arratia, Arturo |e author |9 579044 | |
| 245 | 1 | 0 | |a Curso teórico-práctico de latinidad |
| 250 | |a 5a. ed | ||
| 300 | |a 406 p | ||
| 942 | |c BK | ||
| 945 | |d 20150409 10:07:00 |a dcastane | ||
| 260 | |a Santiago |b Imprenta de Chile |c 1932 | ||
| 650 | 0 | |a Latín |9 269544 | |
| 650 | 0 | |a Enseñanza del latín |9 367682 | |
| 650 | 0 | |a Gramática |9 270497 | |
| 583 | |a last modification |c 20150409 10:07:00 |k Rodrigo Vera | ||
| 999 | |c 358718 |d 358716 | ||
| 952 | |0 0 |1 0 |3 erd |4 0 |6 175_000000000000000_SIL_1932 |7 0 |8 X |9 467594 |a FDOBUD |b FDOBUD |i 5157900 |o 175 SIL 1932 |p 5157900 |r 2019-11-23 |w 2019-11-23 |y BK_X |z Catalogado en:20150409 |k BUD | ||